=LDR 00000nam 2200000 4500 =001 INLIS000000000042817 =005 20131008015628 =008 ***********************************Ind** =035 ##$$0010-101300000000739 =041 ##$$a Ind =082 ##$$a 610 =090 ##$$a 610, Han k =100 ##$$a Hananto Wiryo =245 ##$$a Kajian kritis makalah ilmiah kedokteran klinik menurut kedokteran berbasis bukti ( KBB ), Hananto Wiryo =260 ##$$a 2002 $b Jakarta =300 ##$$a xiii, 159 hlm., ilus, 28 cm =650 ##$$a Kedokteran =850 ##$$a NBPNMAT